000 00330nam a22001457a 4500
008 221012b ||||| |||| 00| 0 eng d
020 _a9780205159215
041 _aeng
080 _2THIRD EDITION
_a159
082 _a159
100 _a24.1
101 _aPSI
245 _aPSYCHOLOGICAL CONSULTATION
_cBROWN D
942 _2udc
_cBK
999 _c58512
_d58512